MARC

LEADER 00000nam0a2200000 4500
001 105956
005 20231031114721.0
010 |a 5120005373 
020 |a RU  |b 89-83173 
035 |a (RuTPU)RU\TPU\book\114329 
090 |a 105956 
100 |a 20061129d1989 km y0rusy5003 ca 
101 0 |a rus 
102 |a UA 
105 |a a z 001zy 
200 1 |a Кавитационные автоколебания  |f В. В. Пилипенко  |g Академия наук Украинской ССР; Институт технической механики 
210 |a Киев  |c Наукова думка  |d 1989 
215 |a 313,[1] с.  |c ил. 
320 |a Библиогр.: с. 302-311 (200 назв.). 
610 1 |a гидравлические системы 
610 1 |a автоколебания 
610 1 |a навигация 
610 1 |a кавитация 
610 1 |a кавитационные автоколебания 
610 1 |a гидравлические сопротивления 
610 1 |a шнекоцентробежные насосы 
610 1 |a кавитационные каверны 
610 1 |a устойчивость 
675 |a 62-82  |z rus 
700 1 |a Пилипенко  |b В. В.  |g Виктор Васильевич  |4 070 
712 0 2 |a Академия наук Украинской ССР (АН УССР)  |b Институт технической механики  |2 stltpush  |3 (RuTPU)RU\TPU\col\11066 
801 0 |a RU  |b RuMRKP  |c 19950417  |g psbo 
801 1 |a RU  |b 63413507  |c 20061129  |g PSBO 
801 2 |a RU  |b 63413507  |c 20100224  |g PSBO 
942 |c BK